1623 1013 1551 1537 1052 1043 1395 1569 1268 1755 1920 1018 1412 1858 1982 1453 1076 1382 1579 1515 1306 1655 1094 1923 1729 1857 1072 1051 1512 1059 1442 1097 1979 1145 1398 1188 1219 1406 1065 1677 1006 1443 1410 1562 1404 1415 1134 1365 1993 1671 1171 1095 1702 1705 1831 1562 1917 1915 1500 1248 1098 1751 1176 1347 1626 1560 1877 1189 1156 1345 1277 1823 1912 1520 1214 1316 1431 1547 1182 1777 1911 1607 1992 1366 1691 1134 1617 1160 1696 1940 1448 1223 1322 1487 1664 1313 1601 1362 1716 BCNSPRNW ULIB Ver.6.0+V

เปลี่ยนเป็นภาษาไทย

Change to English
 แสดงรายละเอียดบรรณานุกรม
  กลับหน้าหลัก

Brief Record : Get Marc (ISO 2709) : E-mail record : QR code < ปิดหน้าต่าง
LEADER : 00000nam 2200000uu 4500
001    13399126907
003     ULIB
008    020711s2562 th a 000 0 tha d
020    ^a9786164220379
060    ^aWW100^bB311
100    ^aอรวสี จตุทอง :บรรณาธิการ และคณะ
245    ^aBASIC OPHTHALMOLOGY=จักษุวิทยาเบื้องต้น
250    ^aพิมพ์ครั้งที่ 1
260    ^aกรุงเทพฯ :^bโครงการตำราวิทยาลัยแพทยศาสตร์พระมงกุฎเกล้า,^c2562
300    ^a272 หน้า;^b26 ซม.
650    ^aOPHTHALMOLOGY
945    ^p450^l0^i005766
945    ^p450^l0^i005767
945    ^p450^l0^i005765
945    ^p450^l0^i005764
945    ^p450^l0^i005763
999    ^aประนอม เกษจรัล
รายการนี้ยังไม่มีแท็ก
คุณยังไม่ได้ล็อกอิน คุณสามารถมีกิจกรรมร่วมกับเว็บไซต์ได้ แต่ต้องล็อกอินก่อน ::
  ล็อกอิน

รายการสื่อสารสนเทศ

ลำดับที่ ประเภท เลขเรียก/บาร์โค้ด สถานที่ สถานะ
1. วิทยาศาสตร์การแพทย์ และสุขภาพ
หนังสือสำรอง
สถานะ=หนังสือสำรอง
WW100 B311 ฉ.1 
  Barcode: 005763
ห้องสมุดวิทยาเขตสวรรค์ประชารักษ์
►หนังสือทั่วไป
บนชั้น
2. วิทยาศาสตร์การแพทย์ และสุขภาพ
วิทยาศาสตร์การแพทย์ และสุขภาพ
WW100 B311 ฉ.2 
  Barcode: 005764
ห้องสมุดวิทยาเขตสวรรค์ประชารักษ์
►หนังสือทั่วไป
บนชั้น
3. วิทยาศาสตร์การแพทย์ และสุขภาพ
วิทยาศาสตร์การแพทย์ และสุขภาพ
WW100 B311 ฉ.3 
  Barcode: 005765
ห้องสมุดวิทยาเขตสวรรค์ประชารักษ์
►หนังสือทั่วไป
บนชั้น
4. วิทยาศาสตร์การแพทย์ และสุขภาพ
วิทยาศาสตร์การแพทย์ และสุขภาพ
WW100 B311 ฉ.4 
  Barcode: 005766
ห้องสมุดวิทยาเขตสวรรค์ประชารักษ์
►หนังสือทั่วไป
ถูกยืม กำหนดส่งวันที่ 15 พฤษภาคม 2569
  จอง
5. วิทยาศาสตร์การแพทย์ และสุขภาพ
วิทยาศาสตร์การแพทย์ และสุขภาพ
WW100 B311 ฉ.5 
  Barcode: 005767
ห้องสมุดวิทยาเขตสวรรค์ประชารักษ์
►หนังสือทั่วไป
บนชั้น

รายการใกล้เคียง
    ชื่อเรื่อง [BASIC OPHTHALMOLOGY=จักษุวิทยาเบื้องต้น]

    ผู้แต่ง [อรวสี จตุทอง :บรรณาธิการ และคณะ]

    หัวเรื่อง [OPHTHALMOLOGY]

BibComment


ยังไม่เคยถูกคอมเมนท์

คอมเมนท์ทรัพยากรรายการนี้
  คอมเมนท์: BASIC OPHTHALMOL..


 Copyright 2026. Bcnsprnw @Library